000 00523nam a2200181Ia 4500
005 20250508152127.0
008 008 250505s9999 xx 000 0 eng d
037 _aTextual
040 _aFEDL
_beng
_cFEDL
041 _aeng
_2eng
084 _a520.1, ZIN
_qFEDL
100 _aZinner Ernst
_9760814
245 0 _aStars above us or the conquest of superstition
260 _aLondon, UK
_bGeorge Allen and Unwin Ltd.
_c1957
300 _axiv,141p
942 _cTEXL
_h520.1, ZIN
999 _c1334435
_d1334435